000 01597nam a22002657a 4500
005 20090615122844.0
008 090615t xxu||||| |||| 00| 0 hin d
010 _aHIN-86939
020 _a9788123730869
_c65.00
035 _aHN-59285
037 _bDBAD / VEN
040 _adpl
_bhn
082 _a796.358
100 _aचतुर्वेदी, सूर्यप्रकाश
245 _aआजाद भारत में क्रिकेट /
_cसूर्यप्रकाश चतुर्वेदी
246 _aAazaada Bhaaraat men Cricket
_bby Suryaprakash Chaturvedi
260 _aनई दिल्ली
_bनेशनल बुक ट्रस्ट
_c2008
270 _aनेहरू भवन, 5इंस्टीट्यूशनल एरिया, फेज-2 वसंत कुंज,
_bनई दिल्ली
_e110070
300 _aग्यारह, 142पृ.
_c22सेमी (अजिल्द)
_bसचित्र
650 _aक्रिकेट
_y1947-
_zभारत
650 _aCricket
_y1947-
_zIndia
366 _bनार्थ इंडिया पबेलिशर्स एण्ड डिस्ट्रीब्यूटर्स, फेस ई-1/265, गली नं.-17, सोनिया विहार, दिल्ली-110094
942 _2ddc
_cHN
_mचतुर्वे
_h796.358
999 _c27455
_d27455